<?xml version="1.0" encoding="UTF-8"?><?xml-stylesheet type="text/xsl" href="static/style.xsl"?><OAI-PMH xmlns="http://www.openarchives.org/OAI/2.0/" xmlns:xsi="http://www.w3.org/2001/XMLSchema-instance" xsi:schemaLocation="http://www.openarchives.org/OAI/2.0/ http://www.openarchives.org/OAI/2.0/OAI-PMH.xsd"><responseDate>2026-04-19T00:46:11Z</responseDate><request verb="GetRecord" identifier="oai:riubu.ubu.es:10259/5273" metadataPrefix="marc">https://riubu.ubu.es/oai/request</request><GetRecord><record><header><identifier>oai:riubu.ubu.es:10259/5273</identifier><datestamp>2024-05-17T07:50:54Z</datestamp><setSpec>com_10259_5498</setSpec><setSpec>com_10259_5086</setSpec><setSpec>com_10259_2604</setSpec><setSpec>com_10259_5501</setSpec><setSpec>col_10259_5499</setSpec><setSpec>col_10259_5502</setSpec></header><metadata><record xmlns="http://www.loc.gov/MARC21/slim" xmlns:doc="http://www.lyncode.com/xoai" xmlns:xsi="http://www.w3.org/2001/XMLSchema-instance" xmlns:dcterms="http://purl.org/dc/terms/" xsi:schemaLocation="http://www.loc.gov/MARC21/slim http://www.loc.gov/standards/marcxml/schema/MARC21slim.xsd">
<leader>00925njm 22002777a 4500</leader>
<datafield tag="042" ind1=" " ind2=" ">
<subfield code="a">dc</subfield>
</datafield>
<datafield tag="720" ind1=" " ind2=" ">
<subfield code="a">García Herrero, Susana</subfield>
<subfield code="e">author</subfield>
</datafield>
<datafield tag="720" ind1=" " ind2=" ">
<subfield code="a">López García, José Ramón</subfield>
<subfield code="e">author</subfield>
</datafield>
<datafield tag="720" ind1=" " ind2=" ">
<subfield code="a">Herrera, Sixto</subfield>
<subfield code="e">author</subfield>
</datafield>
<datafield tag="720" ind1=" " ind2=" ">
<subfield code="a">Fontaneda González, Ignacio</subfield>
<subfield code="e">author</subfield>
</datafield>
<datafield tag="720" ind1=" " ind2=" ">
<subfield code="a">Muñoz Bascones, Sonia</subfield>
<subfield code="e">author</subfield>
</datafield>
<datafield tag="720" ind1=" " ind2=" ">
<subfield code="a">Mariscal Saldaña, Miguel Ángel</subfield>
<subfield code="e">author</subfield>
</datafield>
<datafield tag="260" ind1=" " ind2=" ">
<subfield code="c">2017-11</subfield>
</datafield>
<datafield tag="520" ind1=" " ind2=" ">
<subfield code="a">Healthcare professionals undergo high levels of occupational stress as a result of their working conditions. Thus, the aim of this&#xd;
study is to develop a model that focuses on healthcare professionals so as to analyze the influence that job demands, control,&#xd;
social support, and recognition have on the likelihood that a worker will experience stress.The data collected correspond to 2,211&#xd;
healthcare workers from 35 countries, as reported in the sixth EuropeanWorking Condition Survey (EWCS). The results obtained&#xd;
fromthis study allowus to infer stress under severalworking condition scenarios and to identify themore relevant variables in order&#xd;
to reduce this stress in healthcare professionals, which is of paramount importance to managing the stress of workers in this sector.&#xd;
The Bayesian network proposed indicates that emotional demands have a greater influence on raising the likelihood of stress due&#xd;
to workload than do family demands. The results show that the support of colleagues, in general, has less effect on reducing stress&#xd;
than social support from superiors. Furthermore, the sensitivity analysis shows that, in high-demand and low-control situations,&#xd;
recognition clearly impacts stress, drastically reducing it.</subfield>
</datafield>
<datafield tag="024" ind2=" " ind1="8">
<subfield code="a">2314-6133</subfield>
</datafield>
<datafield tag="024" ind2=" " ind1="8">
<subfield code="a">http://hdl.handle.net/10259/5273</subfield>
</datafield>
<datafield tag="024" ind2=" " ind1="8">
<subfield code="a">10.1155/2017/4673047</subfield>
</datafield>
<datafield tag="024" ind2=" " ind1="8">
<subfield code="a">2314-6141</subfield>
</datafield>
<datafield tag="245" ind1="0" ind2="0">
<subfield code="a">The Influence of Recognition and Social Support on European Health Professionals’ Occupational Stress: A Demands-Control-Social Support-Recognition Bayesian Network Model</subfield>
</datafield>
</record></metadata></record></GetRecord></OAI-PMH>